HIGHER SURVEYING / (Record no. 587285)

000 -LEADER
fixed length control field 00304nam a22001337a 4500
040 ## - CATALOGING SOURCE
Transcribing agency FIZZA ISHAQ
082 ## - DEWEY DECIMAL CLASSIFICATION NUMBER
Classification number 526.9
Author Mark AMC
100 ## - MAIN ENTRY--PERSONAL NAME
Personal name CHANDRA, AM.
9 (RLIN) 86299
245 ## - TITLE STATEMENT
Title HIGHER SURVEYING /
Statement of responsibility, etc. AM CHANDRA.
250 ## - EDITION STATEMENT
Edition statement 3rd ED.
260 ## - PUBLICATION, DISTRIBUTION, ETC.
Place of publication, distribution, etc. NEW DEHLI :
Date of publication, distribution, etc. 2015.
300 ## - PHYSICAL DESCRIPTION
Extent 408 P. ;
942 ## - ADDED ENTRY ELEMENTS (KOHA)
Source of classification or shelving scheme
Koha item type Book
Holdings
Withdrawn status Lost status Source of classification or shelving scheme Damaged status Not for loan Permanent Location Current Location Date acquired Total Checkouts Full call number Date last seen Copy number Price effective from Koha item type
          NUST Baluchistan Campus (NBC) NUST Baluchistan Campus (NBC) 12/09/2021   526.9 AMC 12/09/2021 Q-2152 12/09/2021 Book
© 2023 Central Library, National University of Sciences and Technology. All Rights Reserved.